| 000 | 00683nam a22002177a 4500 | ||
|---|---|---|---|
| 942 | _cBK | ||
| 999 |
_c640 _d640 |
||
| 005 | 20250420134819.0 | ||
| 008 | 200816b ||||| |||| 00| 0 eng d | ||
| 015 | _q9780691165790 | ||
| 020 | _a9780691165790 | ||
| 040 | _cKCST | ||
| 082 |
_a330 _bPh Ma |
||
| 100 |
_aPhelps, Edmund S _95157 |
||
| 245 |
_aMass flourishing : _bhow grassroots innovation created jobs, challenge, and change / _cEdmund S Phelps |
||
| 260 |
_aPrinceton : _bPrinceton University Press, _c2013. |
||
| 300 | _a378 p. | ||
| 650 |
_aTechnological innovations _vEconomic aspects. _95158 |
||
| 650 |
_aCreative ability in business. _91403 |
||
| 650 |
_aCorporate state. _95159 |
||
| 942 | _2ddc | ||